General Knowledge: (Record no. 194118)
[ view plain ]
| 000 -LEADER | |
|---|---|
| fixed length control field | 00839nam a22002057a 4500 |
| 005 - DATE AND TIME OF LATEST TRANSACTION | |
| control field | 20250918105102.0 |
| 010 ## - LCCN (DPL NO) | |
| LC control number | B-746053-058 ENG-146850 E.N.A./7.11.22 |
| 020 ## - INTERNATIONAL STANDARD BOOK NUMBER | |
| International Standard Book Number | 9789391032821 |
| Terms of availability | 525.00 |
| 035 ## - SYSTEM CONTROL NUMBER | |
| System control number | B-746053-058 |
| 035 ## - SYSTEM CONTROL NUMBER | |
| System control number | EN-130382 |
| 037 ## - SOURCE OF ACQUISITION | |
| Source of stock number/acquisition | Asian Book Centre |
| 037 ## - SOURCE OF ACQUISITION | |
| Source of stock number/acquisition | DBAD |
| 082 ## - DEWEY DECIMAL CLASSIFICATION NUMBER | |
| Classification number | 000 |
| 245 ## - TITLE STATEMENT | |
| Title | General Knowledge: |
| Remainder of title | a complete book for all competitive examinations/ |
| 260 ## - PUBLICATION, DISTRIBUTION, ETC. (IMPRINT) | |
| Place of publication, distribution, etc | Gurugram |
| Name of publisher, distributor, etc | OakBridge Publishing Pvt. Ltd. |
| Date of publication, distribution, etc | 2022 |
| 270 ## - ADDRESS | |
| Address | M 35, 1st Floor, Old DLF, Gurugram |
| City | New Delhi |
| Postal code | 122001 |
| Telephone number | 911244305970 |
| Electronic mail address | info@oakbridge.in |
| 300 ## - PHYSICAL DESCRIPTION | |
| Extent | 874p. |
| Dimensions | 24cm(pbk) |
| 942 ## - ADDED ENTRY ELEMENTS (KOHA) | |
| Source of classification or shelving scheme | Dewey Decimal Classification |
| Item type | English Books |
| Call number suffix | GEN |
| Classification part | 000 |
| Withdrawn status | Lost status | Not for loan | Collection code | Home library | Current library | Date acquired | Source of acquisition | Cost, normal purchase price | Full call number | Barcode | Copy number | Cost, replacement price | Koha item type |
|---|---|---|---|---|---|---|---|---|---|---|---|---|---|
| Non-fiction | Bawana | Bawana | 06/02/2023 | Asian Book Centre/6090/28.11.22/143/23.11.22/30.11.22 | 525.00 | 000 GEN | B-746057 | 1 | 525.00 | English Books | |||
| Non-fiction | Central Library | Central Library | 06/02/2023 | Asian Book Centre/6090/28.11.22/143/23.11.22/3011.22 | 525.00 | 000 GEN | B-746053 | 1 | 525.00 | English Books | |||
| Non-fiction | Mobile Library | Mobile Library | 06/02/2023 | Asian Book Centre/6090/28.11.22/143/23.11.22/3011.22 | 525.00 | 000 GEN | B-746054 | 1 | 525.00 | English Books | |||
| Non-fiction | Mobile Library | Mobile Library | 18/09/2025 | Delivery of Books Act Division | 525.00 | GEN 000 | EN-130382 | 1 | 525.00 | English Books | |||
| Non-fiction | Patel Nagar | Patel Nagar | 06/02/2023 | Asian Book Centre/6090/28.11.22/143/23.11.22/3011.22 | 525.00 | 000 GEN | B-746055 | 1 | 525.00 | English Books | |||
| Non-fiction | Sarojini Nagar | Sarojini Nagar | 06/02/2023 | Asian Book Centre/6090/28.11.22/143/23.11.22/3011.22 | 525.00 | 000 GEN | B-746056 | 1 | 525.00 | English Books | |||
| Non-fiction | Shahdara Branch | Shahdara Branch | 06/02/2023 | Asian Book Centre/6090/28.11.22/143/23.11.22/3011.22 | 525.00 | 000 GEN | B-746058 | 1 | 525.00 | English Books |
